The Theory and Reality of Democracy : A Case Study in Iraq /

Guardat en:
Dades bibliogràfiques
Autor principal: Gupta, Suman (autor)
Format: Llibre
Idioma:anglès
Matèries:
Etiquetes: Afegir etiqueta
Sense etiquetes, Sigues el primer a etiquetar aquest registre!

MARC

LEADER 00000nam^a2200000^a^4500
001 000192462
005 20250521000000.0
009 20260310102607.529
020 |a 0-8264-8835-8 
037 |a Acervo ITESO - Biblioteca 
041 |a ING 
082 |a 320. 9567  |b GUP 
100 |a Gupta, Suman  |e (autor) 
245 1 4 |a The Theory and Reality of Democracy :  |b A Case Study in Iraq /  |c S. Gupta. 
264 |a Londres, Inglaterra :  |b Continuum 
336 |a texto  |b txt  |2 rdacontenido 
337 |a sin mediación  |b n  |2 rdamedio 
338 |a volumen  |b nc  |2 rdasoporte 
649 |a XX 
650 |a Democracia -  |z Irak -  |x Historia -  |x Tema Principal 
650 |a Democracia -  |x Teoría -  |x Tema Principal 
650 |a Movimientos Sociales -  |z Irak 
650 |a Intervención Militar en Irak -  |x Historia 
650 |a Seguridad Internacional 
650 |a Política -  |z Irak -  |x Historia 
650 |a Política -  |x Teoría 
910 |a Fondo General 
920 |a Impresos - Libros 
930 |a Colección General 
905 |a 101 
901 |a 0500136510  |b IT1  |c ACC  |u 20250521 
902 |a https://opac.biblio.iteso.mx/vufind/Record/000192462